Neutron Protein Crystallography : Hydrogen, Protons, and Hydration in Bio-Macromolecules /

Shranjeno v:
Bibliografske podrobnosti
Glavni avtor: Niimura, Nobuo (autor)
Korporativna značnica: International Union of Crystallography
Drugi avtorji: Podjarny, A.D. (autor) (autor)
Format: Knjiga
Jezik:angleščina
Izdano: Nueva York, EUA : Oxford University, 2011, c2011
Serija:(IUCr Monographs on Crystallography ; 25)
(Oxford Science Publications)
Teme:
Oznake: Označite
Brez oznak, prvi označite!

MARC

LEADER 00000nam^a2200000^a^4500
001 000326082
005 20250521000000.0
009 20260310113756.516
020 |a 978-0-19-957886-3 
037 |a Acervo ITESO - Biblioteca 
041 |a ING 
082 |a 548. 83  |b NII 
100 |a Niimura, Nobuo  |e (autor) 
245 1 0 |a Neutron Protein Crystallography :  |b Hydrogen, Protons, and Hydration in Bio-Macromolecules /  |c N. Niimura, A.D. Podjarny. 
264 4 |a Nueva York, EUA :  |b Oxford University,  |c 2011, c2011 
300 |a XVI, 233 p. 
336 |a texto  |b txt  |2 rdacontenido 
337 |a sin mediación  |b n  |2 rdamedio 
338 |a volumen  |b nc  |2 rdasoporte 
440 1 |a (IUCr Monographs on Crystallography ;  |v 25) 
440 1 |a (Oxford Science Publications) 
649 |a XX 
650 |a Proteínas 
650 |a Dispersión de Neutrones -  |x Tema Principal 
650 |a Difracción de Neutrones -  |x Tema Principal 
650 |a Biomoléculas 
650 |a Química Analítica 
650 |a Cristalografía -  |x Tema Principal 
710 |a International Union of Crystallography 
700 |a Podjarny, A.D.  |e (autor) 
910 |a Fondo General 
920 |a Impresos - Libros 
930 |a Colección General 
905 |a 101 
901 |a 0500214764  |b IT1  |c ACC  |i C133647  |u 20250521 
902 |a https://opac.biblio.iteso.mx/vufind/Record/000326082